000 00416nam a22001697a 4500
003 koha_MIRAKIL
005 20241018141922.0
008 231213b |||||||| |||| 00| 0 ||| d
040 _aTR-IsEVY
_btur
_cTR-IsEVY
082 _a811 HOB
100 _aHOBERMAN, MARY ANN.
245 0 _aFATHERS MOTHERS SISTERS BROTHERS.
260 _bIb Kids,
_c2001
300 _a32.
650 _aİngiliz Dili.
942 _2ddc
_cBK
999 _c5483
_d5483